LEADER 01046nam a2200253 4500 001 000000355877 003 CaOOAMICUS 005 20231023122329.0 008 231023s2002 it 000 u ita r 040 $aSeMil$bita 100 1 $aAmado, Jorge <1912-2001>.$0(OLS)http://semarc/name/32888 240 10$aDona Flor e seus dois maridos.$0(OLS)http://semarc/title/446104 245 10$aDona Flor e i suoi due mariti /$cJorge Amado ; traduzione di Elena Grechi. 264 1$aRoma :$bLa Biblioteca di Repubblica,$c2002. 300 $a573 p. ;$c22 cm 490 1 $aNovecento ;$v17 700 1 $aGrechi, Elena.$0(OLS)http://semarc/name/118564 830 0$aNovecento ;$v17.$0(OLS)http://semarc/title/8369 850 $aSeMil 852 $aSeMil$W1$xVenegono$y1$m1T V 41$j244221$B247083$CSeMilBibl$Z2$F247083 $81 961 $aComo don Giuseppe - Omaggio 996 $6245$aDona Flor e i suoi due mariti$9(OLS)http://semarc/title/446105 996 $6264$aRoma :$bLa Biblioteca di Repubblica$9(OLS)http://semarc/publisher/32010 LEADER 01090nam a2200265 i 4500 001 000000112180 003 CaOOAMICUS 005 20041012000000.0 008 041012s2004 it u000 u ita u 013 $a84864 020 $a88-7105-172-6 040 $aSeMil$bita 100 1 $aColombo, Giuseppe,$c.$0(OLS)http://semarc/name/376 245 13$aUn'isola teologica :$bla teologia di Carlo Colombo /$cGiuseppe Colombo. 260 $aMilano :$bGlossa,$c2004. 300 $a141 p. ;$c17 cm. 490 0 $aExperientia ;$v2 600 14$aColombo, Carlo .$0(OLS)http://semarc/subject/8224 830 0$aExperientia ;$v2.$0(OLS)http://semarc/title/13306 850 $aSeMil 852 $aSeMil$W1$xVenegono$y1$m2KA C 2$j229550$B67962$CSeMilBibl$Z2$F87559 $81 961 $aOmaggio: Colombo mons. Giuseppe 996 $6020$a88-7105-172-6$9(OLS)http://semarc/number/94675 996 $6245$aUn'isola teologica :$bla teologia di Carlo Colombo$9(OLS)http://semarc/title/163505 996 $6260$aMilano :$bGlossa$9(OLS)http://semarc/publisher/29635